000 00655nam a2200205Ia 4500
001 5327
003 GE_BSU
008 181216s||||||||xx |||||||||||||| ||und||
040 _cGE_BSU
080 _a51(075.3)2
100 _aБогомолов, Н.В.
245 _aПрактические занятия по математике
245 _bУчебное пособие для средних специльных учеб завед.
260 _aМосква
260 _bВысшая шлола
260 _c1983
300 _a398 с. 22см.
653 _aПрактические занятия по математике
942 _cBK
999 _c38908
_d38908